[Event "16th Asian Games Team Men"]
[Site "Guangzhou CHN"]
[Date "2010.11.18"]
[Round "1"]
[White "Zhou, Jianchao"]
[Black "Rahman, Ziaur"]
[Result "1/2-1/2"]
[WhiteTitle "GM"]
[BlackTitle "GM"]
[WhiteElo "2669"]
[BlackElo "2527"]
[WhiteTeam "CHN"]
[BlackTeam "BAN"]
[WhiteFideId "8603537"]
[BlackFideId "10200037"]
[EventDate "2010.11.18"]

1. d4 d5 2. c4 c6 3. Nf3 e6 4. e3 Bd6 5. Bd3 f5 6. O-O Nf6 7. b3 Qe7 8. Bb2 O-O
9. Nc3 Ne4 10. Ne2 b6 11. Ne5 Bb7 12. f3 Ng5 13. Rc1 Nd7 14. cxd5 cxd5 15. Bb5
Nxe5 16. dxe5 Bc5 17. Bd4 Rfc8 18. Nc3 Ba3 19. Rc2 Rc7 20. Rff2 Rac8 21. Bf1 Ra8
22. Bb5 Rac8 23. Bf1 a6 24. Na4 b5 25. Nb2 Bxb2 26. Bxb2 Nf7 27. f4 Nd8 28. Bd4
h6 29. h3 Rxc2 30. Rxc2 Rxc2 31. Qxc2 Nc6 32. Qc5 Qxc5 33. Bxc5 Kf7 34. Be2 g6
35. Kf2 Bc8 36. g4 Bb7 37. Kg3 Nd8 38. Bb6 Nc6 39. Bc5 Nd8 40. Bd3 Bc8 41. Kf2
Nc6 42. Ke1 Bb7 43. Be2 Bc8 44. a3 Bd7 45. Kd2 Kg7 46. Kc3 Kf7 47. a4 bxa4 48.
bxa4 a5 49. Bf3 Ne7 50. Kb3 Nc6 51. gxf5 gxf5 52. Bh5+ Kg7 53. Bb6 Kf8 54. Be2
Ke8 55. Bb5 Ke7 56. Kc3 Be8 57. Kd2 Kf8 58. Ke2 Ke7 59. Kf2 Kf8 60. Kg3 Kf7 61.
Kh4 Kf8 62. Kg3 Kf7 63. Kf2 Ke7 64. Ke2 Bd7 65. Kd2 Be8 66. Kc3 Bd7 67. Kb3 Be8
68. Bc5+ Kf7 69. Be2 Bd7 70. Bh5+ Kg7 71. Kc3 Kg8 72. Bd6 Nd8 73. Bd1 Kf7 74.
Bc5 Kg7 75. Bd6 Kf7 76. Kd4 Nb7 77. Bc7 Ke7 78. Bb6 Bc6 79. Kc3 Be8 80. Kb3 Kd7
81. Be2 Kc6 82. Bd4 Kc7 83. Ka3 Bd7 84. Bc3 Be8 85. Ba6 Kb6 86. Bxb7 Kxb7 87.
Bxa5 Bh5 88. Kb4 Kc6 89. Bd8 Be2 90. Kc3 Bf1 91. h4 h5 1/2-1/2

[Event "16th Asian Games Team Men"]
[Site "Guangzhou CHN"]
[Date "2010.11.18"]
[Round "1"]
[White "Akylbekov, Nasyr"]
[Black "Gopal, Geetha Narayanan"]
[Result "0-1"]
[BlackTitle "GM"]
[WhiteElo "2376"]
[BlackElo "2609"]
[WhiteTeam "KGZ"]
[BlackTeam "IND"]
[WhiteFideId "13800353"]
[BlackFideId "5015693"]
[EventDate "2010.11.18"]

1. e4 c5 2. Nf3 d6 3. d4 cxd4 4. Nxd4 Nf6 5. Nc3 a6 6. Bc4 e6 7. Be3 b5 8. Bb3
Be7 9. f3 O-O 10. Qd2 Bd7 11. Nce2 a5 12. c3 Na6 13. O-O Qc7 14. Ng3 b4 15. Rac1
bxc3 16. Rxc3 Qb7 17. Rfc1 Nc5 18. Bc4 a4 19. R3c2 Rfd8 20. b4 axb3 21. Nxb3 Ba4
22. Rb2 Bxb3 23. Bxb3 Nxb3 24. Rxb3 Qa6 25. Rc2 d5 26. e5 Nd7 27. Bd4 Rdc8 28.
Rbc3 h6 29. Qe2 Rxc3 30. Qxa6 Rxa6 31. Rxc3 Ra4 32. Rc8+ Nf8 33. Ne2 Rxa2 34.
Nc3 Rd2 35. Nb5 Kh7 36. f4 g5 37. fxg5 hxg5 38. Bc3 Rc2 39. Nd6 Ng6 0-1

[Event "16th Asian Games Team Men"]
[Site "Guangzhou CHN"]
[Date "2010.11.18"]
[Round "1"]
[White "Al-Hadarani, Hatim"]
[Black "Jumabayev, Rinat"]
[Result "0-1"]
[WhiteTitle "FM"]
[BlackTitle "GM"]
[WhiteElo "2266"]
[BlackElo "2571"]
[WhiteTeam "YEM"]
[BlackTeam "KAZ"]
[WhiteFideId "9400273"]
[BlackFideId "13702661"]
[EventDate "2010.11.18"]

1. Nf3 Nf6 2. c4 e6 3. g3 d5 4. Bg2 dxc4 5. O-O a6 6. Qc2 b5 7. Ne5 Nd5 8. d3
cxd3 9. Qxd3 Qd6 10. Bf4 Nxf4 11. gxf4 Qxd3 12. Nxd3 Ra7 13. Rc1 Bd6 14. a4 bxa4
15. Nc3 Bd7 16. Nxa4 Bb5 17. Ne5 Ke7 18. Nc3 Be8 19. Nd3 Nc6 20. e4 Nb4 21. Nxb4
Bxb4 22. e5 Bd7 23. Ne4 Rb8 24. Rc4 h6 25. Rac1 Ba5 26. Nc5 Be8 27. R4c2 Rb4 28.
Be4 Bb6 29. f3 a5 30. Kh1 a4 31. f5 0-1

[Event "16th Asian Games Team Men"]
[Site "Guangzhou CHN"]
[Date "2010.11.18"]
[Round "1"]
[White "Vladimirov, Yevgeniy"]
[Black "Gameel, Mohamed"]
[Result "1-0"]
[WhiteTitle "GM"]
[BlackTitle "FM"]
[WhiteElo "2623"]
[BlackElo "2217"]
[WhiteTeam "KAZ"]
[BlackTeam "YEM"]
[WhiteFideId "13700014"]
[BlackFideId "9401440"]
[EventDate "2010.11.18"]

1. d4 Nf6 2. c4 e6 3. Nf3 b6 4. g3 Ba6 5. Qb3 d5 6. cxd5 exd5 7. Bg2 Be7 8. Nc3
O-O 9. Ne5 c6 10. O-O Nfd7 11. f4 Nxe5 12. fxe5 Bc4 13. Qc2 Qd7 14. Bf4 f6 15.
Rad1 fxe5 16. Bxe5 Rxf1+ 17. Rxf1 Qe6 18. b3 Ba6 19. Nxd5 cxd5 20. Qf5 Bc8 21.
Bxd5 Qxd5 22. Qxc8+ Bd8 23. Qg4 g6 24. e4 Qd7 25. Qf4 Qe8 26. Bxb8 Bg5 27. Qxg5
Rxb8 28. Qd5+ Kg7 29. e5 Rd8 30. Rf7+ Kg8 31. Rd7+ 1-0

[Event "16th Asian Games Team Men"]
[Site "Guangzhou CHN"]
[Date "2010.11.18"]
[Round "1"]
[White "Aboudi, Marwan"]
[Black "Nguyen, Ngoc Truong Son"]
[Result "1/2-1/2"]
[BlackTitle "GM"]
[WhiteElo "2196"]
[BlackElo "2628"]
[WhiteTeam "JOR"]
[BlackTeam "VIE"]
[WhiteFideId "8100160"]
[BlackFideId "12401110"]
[EventDate "2010.11.18"]

1. d4 Nf6 2. c4 g6 3. Nf3 Bg7 4. g3 O-O 5. Bg2 c6 6. O-O d5 7. cxd5 cxd5 8. Ne5
Nc6 9. Nc3 e6 10. Bf4 Nh5 11. Nxc6 bxc6 12. Be3 f5 13. f4 Rb8 14. Na4 Nf6 15.
Kh1 Ng4 16. Bg1 g5 17. Rc1 gxf4 18. gxf4 Bd7 19. b3 Rf6 20. Rf3 Rh6 21. Nc5 Be8
22. Nd3 Rc8 23. Qe1 Qb6 24. Qb4 Bf8 25. Qxb6 axb6 26. a4 Nf6 27. Rg3+ Rg6 28.
Rxg6+ hxg6 29. b4 Ra8 30. Ra1 Ne4 31. Be3 Nc3 32. a5 Nb5 33. Bf2 bxa5 34. bxa5
Na3 35. Nc5 Bxc5 36. dxc5 Rxa5 37. Bd4 Nc4 38. Rxa5 Nxa5 39. e3 Nb3 40. Bf1 Kf7
41. h4 Nd2 42. Kg2 Ne4 43. Bd3 Nf6 44. Ba6 Bd7 45. Kf3 Ke7 46. Bc3 Ng4 47. Bb7
Kd8 48. Ba5+ Ke8 49. Bc3 Ke7 50. Ba6 Nf6 51. Bb4 Kf7 52. Bc3 Ng8 53. Ke2 Ne7 54.
Kd2 Bc8 55. Be2 Ng8 56. Bd3 Nf6 57. Ke2 Nd7 58. Bd4 e5 59. fxe5 Ke6 60. Kf2 Nxe5
61. Be2 Bd7 62. Kg3 Be8 63. Kf4 Nc4 64. Bxc4 dxc4 65. e4 fxe4 66. Kxe4 1/2-1/2

[Event "16th Asian Games Team Men"]
[Site "Guangzhou CHN"]
[Date "2010.11.18"]
[Round "1"]
[White "Cao, Sang"]
[Black "Ahmed, Al Khatib"]
[Result "1-0"]
[WhiteTitle "GM"]
[WhiteElo "2547"]
[BlackElo "1976"]
[WhiteTeam "VIE"]
[BlackTeam "JOR"]
[WhiteFideId "725056"]
[BlackFideId "8103178"]
[EventDate "2010.11.18"]

1. e4 c5 2. Nf3 g6 3. Bc4 Bg7 4. Nc3 Nc6 5. O-O d6 6. d3 Nf6 7. a3 O-O 8. h3 Be6
9. Bxe6 fxe6 10. Be3 Qd7 11. Rb1 Nh5 12. Ne2 e5 13. Nh2 Nf4 14. c3 a5 15. Qd2 g5
16. f3 Qe6 17. Ng3 b5 18. Nf5 h6 19. g3 Nh5 20. Ng4 Kh7 21. Kg2 Nf6 22. h4 Nxg4
23. fxg4 gxh4 24. Rh1 Nd8 25. Rxh4 Rf6 26. Rbh1 Nf7 27. Bxh6 Nxh6 28. g5 Rg6 29.
Nxh6 Bxh6 30. Rxh6+ Kg7 31. Qf2 Rxh6 32. Rxh6 Qg4 33. Qf5 Qxf5 34. exf5 b4 35.
Re6 Ra7 36. c4 Kf7 37. Kf3 bxa3 38. bxa3 Rb7 39. g4 Rb3 40. Ke4 Rxa3 41. g6+ Kf8
42. g5 Ra1 43. f6 exf6 44. gxf6 Rg1 45. f7 Kg7 46. Re8 Rf1 47. Rg8+ 1-0

[Event "16th Asian Games Team Men"]
[Site "Guangzhou CHN"]
[Date "2010.11.18"]
[Round "1"]
[White "Alshoha, Basel"]
[Black "Nguyen, Duc Hoa"]
[Result "0-1"]
[BlackTitle "FM"]
[WhiteElo "2106"]
[BlackElo "2431"]
[WhiteTeam "JOR"]
[BlackTeam "VIE"]
[WhiteFideId "8101914"]
[BlackFideId "12401358"]
[EventDate "2010.11.18"]

1. Nf3 Nf6 2. d4 e6 3. c4 b6 4. e3 Bb7 5. Bd3 c5 6. Nc3 d6 7. O-O Nbd7 8. b3 Be7
9. Bb2 a6 10. Qe2 Qc7 11. Rac1 O-O 12. Rfd1 Rac8 13. Bb1 Qb8 14. d5 exd5 15.
Nxd5 Nxd5 16. cxd5 Bf6 17. Qd3 g6 18. Bxf6 Nxf6 19. Qc4 Qc7 20. Qh4 Kg7 21. Nd4
Qe7 22. Ne2 Bxd5 23. Nf4 Bb7 24. Qg5 Qe5 25. Qg3 Rfd8 26. Rd2 Be4 27. Bd3 0-1

[Event "16th Asian Games Team Men"]
[Site "Guangzhou CHN"]
[Date "2010.11.18"]
[Round "1"]
[White "Nguyen, Huynh Minh Huy"]
[Black "Malkawi, Fadi"]
[Result "1-0"]
[WhiteTitle "IM"]
[BlackTitle "FM"]
[WhiteElo "2459"]
[BlackElo "2089"]
[WhiteTeam "VIE"]
[BlackTeam "JOR"]
[WhiteFideId "12401269"]
[BlackFideId "8100420"]
[EventDate "2010.11.18"]

1. d4 Nf6 2. c4 d6 3. Nf3 g6 4. g3 Bg7 5. Bg2 O-O 6. O-O Nbd7 7. Nc3 e5 8. e4
Re8 9. Re1 exd4 10. Nxd4 Ne5 11. b3 Nc6 12. Nxc6 bxc6 13. Bb2 Bb7 14. Na4 Nd7
15. Bxg7 Kxg7 16. c5 Qf6 17. Qd2 Nxc5 18. Nxc5 dxc5 19. Qa5 Qe5 20. Rac1 c4 21.
Qxe5+ Rxe5 22. Rxc4 Ra5 23. Rc2 Re8 24. Rd1 c5 25. f3 Re7 26. Kf2 Ra3 27. Rdd2
Ra5 28. Rd3 Bc8 29. Rdc3 Rd7 30. Bh3 f5 31. exf5 Rd8 32. Rxc5 Rxc5 33. Rxc5 gxf5
34. Rxc7+ Kg6 35. Bf1 a5 36. Rc5 Bb7 37. Rxa5 Rd2+ 38. Be2 1-0

[Event "16th Asian Games Team Men"]
[Site "Guangzhou CHN"]
[Date "2010.11.18"]
[Round "1"]
[White "Kasimdzhanov, Rustam"]
[Black "Battulga, Namkhai"]
[Result "1-0"]
[WhiteTitle "GM"]
[BlackTitle "FM"]
[WhiteElo "2685"]
[BlackElo "2428"]
[WhiteTeam "UZB"]
[BlackTeam "MGL"]
[WhiteFideId "14200244"]
[BlackFideId "4900880"]
[EventDate "2010.11.18"]

1. d4 d5 2. c4 c6 3. Nf3 Nf6 4. e3 e6 5. Bd3 Nbd7 6. Nc3 dxc4 7. Bxc4 b5 8. Bd3
Bb7 9. a3 b4 10. Ne4 c5 11. Nxf6+ gxf6 12. axb4 cxd4 13. Nxd4 Bxb4+ 14. Bd2 Bc5
15. f3 Bxd4 16. exd4 Qb6 17. Bc3 O-O 18. Qd2 Kg7 19. Ra5 Bd5 20. Qf4 Kh8 21. Qh4
f5 22. O-O Rg8 23. Bxf5 Nf8 24. Be4 Qb7 25. Re1 Rg7 26. Qf6 Nd7 27. Bxd5 exd5
28. Qa6 Qb3 29. Qb5 Qc2 30. Qe2 Rxg2+ 31. Kxg2 1-0

[Event "16th Asian Games Team Men"]
[Site "Guangzhou CHN"]
[Date "2010.11.18"]
[Round "1"]
[Black "Filippov, Anton UZB"]
[White "Gundavaa, Bayarsaikhan"]
[Result "1-0"]
[BlackTitle "GM"]
[WhiteElo "2472"]
[BlackElo "2620"]
[WhiteTeam "MGL"]
[BlackTeam "UZB"]
[WhiteFideId "4901045"]
[BlackFideId "14200988"]
[EventDate "2010.11.18"]

1. d4 d5 2. c4 dxc4 3. e3 Nf6 4. Bxc4 e6 5. Nf3 c5 6. O-O a6 7. Bb3 Be7 8. Qe2
cxd4 9. exd4 Nc6 10. Rd1 O-O 11. Nc3 Na5 12. Bc2 b5 13. Qe5 Bb7 14. Qg3 b4 15.
Ne2 Rc8 16. Bd3 Ne4 17. Qh3 f5 18. Ng3 Qd5 19. Re1 Nxg3 20. hxg3 Nc6 21. Be3 Bf6
22. b3 Nxd4 23. Bxd4 Bxd4 24. Rad1 Rf6 25. Bc4 Rxc4 26. bxc4 Bxf2+ 27. Kxf2 Qc5+
28. Re3 Rh6 29. Rd8+ Kf7 30. Ne5+ Ke7 31. Rd7+ Ke8 32. Qxh6 gxh6 33. Rxb7 a5 34.
Rb5 Qc7 35. Rd3 Qa7+ 36. c5 Qa6 37. Rb6 Qc8 38. Rc6 Qb8 39. Rxe6+ 1-0

[Event "16th Asian Games Team Men"]
[Site "Guangzhou CHN"]
[Date "2010.11.18"]
[Round "1"]
[White "Barsov, Alexei"]
[Black "Munkhgal, Gombosuren"]
[Result "1-0"]
[WhiteTitle "GM"]
[WhiteElo "2507"]
[BlackElo "2316"]
[WhiteTeam "UZB"]
[BlackTeam "MGL"]
[WhiteFideId "14200082"]
[BlackFideId "4901266"]
[EventDate "2010.11.18"]

1. d4 d5 2. c4 c6 3. cxd5 cxd5 4. Nc3 Nf6 5. Bf4 Nc6 6. e3 a6 7. Be2 Bf5 8. Nf3
e6 9. Qb3 Bd6 10. Bxd6 Qxd6 11. Qxb7 O-O 12. Qb3 Rfb8 13. Qa3 Nb4 14. O-O Qc7
15. Ne1 h5 16. Rc1 a5 17. Qa4 Na6 18. Qd1 Qd6 19. Na4 Ng4 20. Nf3 Be4 21. g3 Rc8
22. Nc3 Bh7 23. Qd2 Nb4 24. a3 Nc6 25. Nb5 Qd7 26. Rc5 Nf6 27. Ng5 h4 28. Rfc1
hxg3 29. hxg3 Ne4 30. Nxe4 Bxe4 31. Nc3 Bf5 32. Na4 Qb7 33. Rb5 Qe7 34. Nb6 Na7
35. Rxc8+ Rxc8 36. Nxc8 Nxc8 37. Qxa5 Kh7 38. Rb8 e5 39. Qc5 Qd7 40. Qxc8 Qxc8
41. Rxc8 Bxc8 42. dxe5 Kg6 43. Bd3+ Kg5 44. f4+ Kg4 45. Kf2 g5 46. Be2+ Kf5 47.
g4+ Ke6 48. Bd3 Ke7 49. Bf5 1-0

[Event "16th Asian Games Team Men"]
[Site "Guangzhou CHN"]
[Date "2010.11.18"]
[Round "1"]
[White "Gomez, John Paul"]
[Black "Al-Ali, Hussein Ali Hussein"]
[Result "1/2-1/2"]
[WhiteTitle "GM"]
[BlackTitle "FM"]
[WhiteElo "2522"]
[BlackElo "2363"]
[WhiteTeam "PHI"]
[BlackTeam "IRQ"]
[WhiteFideId "5201381"]
[BlackFideId "4800192"]
[EventDate "2010.11.18"]

1. e4 e5 2. Nf3 Nc6 3. Bb5 a6 4. Ba4 Nf6 5. d3 d6 6. c3 Bd7 7. O-O Be7 8. Nbd2
O-O 9. Re1 Re8 10. Nf1 Bf8 11. Ne3 h6 12. h3 Ne7 13. Bb3 Ng6 14. Nf5 d5 15. Qc2
c6 16. g3 Qc8 17. g4 Be6 18. Nh2 Qc7 19. Qd1 dxe4 20. dxe4 Rad8 21. Qf3 Bxb3 22.
axb3 Nf4 23. Bxf4 exf4 24. Re2 g6 25. e5 Nd5 26. c4 Nb4 27. Qxf4 Kh7 28. Nd6
Rxd6 29. exd6 Bxd6 30. Qxd6 Qxd6 31. Rxe8 Qf6 32. Rd1 c5 33. Rd7 Nc6 34. Rxb7
Ne5 35. Ree7 Kg7 36. Rec7 Qd6 37. Kg2 Qd4 38. Re7 Qe4+ 39. Kg1 h5 40. Rbc7 h4
41. Nf1 Nf3+ 42. Kh1 Ne5+ 43. Kg1 Nf3+ 44. Kh1 Ne5+ 45. Kg1 1/2-1/2

[Event "16th Asian Games Team Men"]
[Site "Guangzhou CHN"]
[Date "2010.11.18"]
[Round "1"]
[White "Ahmed, Abdul Sattar Wahab"]
[Black "Laylo, Darwin"]
[Result "0-1"]
[WhiteTitle "FM"]
[BlackTitle "GM"]
[WhiteElo "2309"]
[BlackElo "2527"]
[WhiteTeam "IRQ"]
[BlackTeam "PHI"]
[WhiteFideId "4801849"]
[BlackFideId "5201330"]
[EventDate "2010.11.18"]

1. e4 c5 2. Nf3 e6 3. d4 cxd4 4. Nxd4 a6 5. Bd3 Nf6 6. O-O d6 7. c4 Nbd7 8. Nc3
b6 9. Bg5 Bb7 10. Rc1 Be7 11. Qe2 O-O 12. Kh1 Rc8 13. f4 Qc7 14. f5 Nc5 15. Bb1
h6 16. Bd2 e5 17. Nf3 Qb8 18. Rfe1 Bc6 19. g4 b5 20. g5 hxg5 21. Bxg5 Rfd8 22.
Qg2 Kf8 23. b4 Ncd7 24. Rg1 bxc4 25. Qh3 Ke8 26. Qh8+ Bf8 27. Bh4 Qb7 28. Rxg7
Nxe4 29. Kg1 Qb6+ 30. Kf1 Qe3 31. Bxe4 Bxe4 32. Nxe4 Qxf3+ 33. Nf2 Qxf5 34. Rc3
Nf6 35. Kg2 Nd5 36. Rf3 Nf4+ 37. Kg3 Kd7 38. Rg5 Qb1 39. Rxf4 exf4+ 40. Kf3 Be7
41. Qd4 Bxg5 42. Bxg5 Re8 43. Qa7+ Rc7 44. Qxa6 Qxb4 45. Kg4 f5+ 46. Kh5 Qb7 47.
Qa4+ Qc6 48. Qc2 Rh8+ 49. Kg6 Rg8+ 50. Kh5 Qf3+ 51. Kh6 Rh8+ 52. Kg7 Ke6+ 0-1

[Event "16th Asian Games Team Men"]
[Site "Guangzhou CHN"]
[Date "2010.11.18"]
[Round "1"]
[White "Ghaem Maghami, Ehsan"]
[Black "Lee, Sanghoon"]
[Result "1-0"]
[WhiteTitle "GM"]
[BlackTitle "CM"]
[WhiteElo "2593"]
[BlackElo "2132"]
[WhiteTeam "IRI"]
[BlackTeam "KOR"]
[WhiteFideId "12500739"]
[BlackFideId "13200011"]
[EventDate "2010.11.18"]

1. c4 Nf6 2. Nc3 c5 3. g3 Nc6 4. Bg2 g6 5. e3 Bg7 6. d4 cxd4 7. exd4 d6 8. Nge2
O-O 9. h3 e5 10. d5 Ne7 11. O-O b6 12. Bd2 h6 13. Rc1 a5 14. Nb5 Ba6 15. Nec3
Rc8 16. b3 Bxb5 17. Nxb5 Nf5 18. Na7 Rc7 19. Nc6 Qd7 20. Bc3 Re8 21. Re1 Rcc8
22. Qc2 Ne7 23. a3 h5 24. Rcd1 h4 25. g4 Bh6 26. Bd2 Bxd2 27. Qxd2 Nh7 28. f4
exf4 29. Qxf4 g5 30. Qf2 Ng6 31. Qxb6 Nf4 32. Qa7 Qxa7+ 33. Nxa7 Rb8 34. Nb5
Rxe1+ 35. Rxe1 Kf8 36. Re3 Rb6 37. Bf1 Nf6 38. b4 axb4 39. axb4 Nd7 40. Ra3 Ne5
41. Re3 Nd7 42. Ra3 Ne5 43. Ra8+ Ke7 44. c5 dxc5 45. bxc5 Rf6 46. d6+ Kd7 47.
Nd4 Ned3 48. Ra7+ 1-0

[Event "16th Asian Games Team Men"]
[Site "Guangzhou CHN"]
[Date "2010.11.18"]
[Round "1"]
[White "Kim, Saebyeok"]
[Black "Moradiabadi, Elshan"]
[Result "0-1"]
[BlackTitle "GM"]
[WhiteElo "1906"]
[BlackElo "2575"]
[WhiteTeam "KOR"]
[BlackTeam "IRI"]
[WhiteFideId "13200518"]
[BlackFideId "12501255"]
[EventDate "2010.11.18"]

1. e4 c5 2. Nf3 e6 3. d4 cxd4 4. Nxd4 a6 5. Bd3 Nf6 6. O-O Qc7 7. c4 Nc6 8. Nxc6
dxc6 9. Be3 e5 10. f3 Nd7 11. Nc3 Bc5 12. Bxc5 Nxc5 13. Kh1 O-O 14. Na4 Nxa4 15.
Qxa4 Be6 16. Rac1 Rfd8 17. Rfd1 Rd4 18. Qc2 Rad8 19. Be2 h6 20. b3 Qa5 21. Rxd4
Rxd4 22. Rd1 Rxd1+ 23. Qxd1 Qxa2 24. h3 Qb2 25. Qd3 c5 26. Kg1 a5 27. Kf2 Qd4+
28. Ke1 Kf8 29. Kd2 Ke7 30. Qxd4 cxd4 31. Kc2 Kd6 32. Kb2 Kc5 33. Ka3 Bd7 34.
Bd3 f6 35. h4 b5 36. Bf1 bxc4 37. bxc4 Be6 38. Kb3 a4+ 39. Kxa4 0-1

[Event "16th Asian Games Team Men"]
[Site "Guangzhou CHN"]
[Date "2010.11.18"]
[Round "1"]
[White "Jang, Jaewon"]
[Black "Toufighi, Homayoon"]
[Result "0-1"]
[BlackTitle "GM"]
[WhiteElo "1638"]
[BlackElo "2455"]
[WhiteTeam "KOR"]
[BlackTeam "IRI"]
[WhiteFideId "13201158"]
[BlackFideId "12503592"]
[EventDate "2010.11.18"]

1. e4 c6 2. d4 g6 3. Nf3 Bg7 4. Be2 d5 5. Nc3 Bg4 6. Be3 Nf6 7. exd5 cxd5 8. O-O
Nc6 9. h3 Bxf3 10. Bxf3 O-O 11. Qd2 Rc8 12. b3 e6 13. Na4 Nd7 14. Rac1 b5 15.
Nb2 Nb6 16. b4 a5 17. a3 Ra8 18. c3 Qd7 19. Ra1 Ne7 20. Nd3 Nc4 21. Qc2 Qa7 22.
Qc1 Nxe3 23. fxe3 Bh6 24. Kf2 Nf5 25. Qb2 Bxe3+ 26. Ke2 Bh6 27. Rfb1 Rfc8 28.
Nc5 Qc7 29. a4 axb4 30. Qxb4 bxa4 31. Rxa4 Rab8 32. Nb7 Qf4 33. Ra2 Qe3+ 34. Kd1
Rxc3 0-1

[Event "16th Asian Games Team Men"]
[Site "Guangzhou CHN"]
[Date "2010.11.18"]
[Round "1"]
[White "Abdul Rahman Ali"]
[Black "Al-Modiahki, Mohamad"]
[Result "0-1"]
[BlackTitle "GM"]
[WhiteElo "1936"]
[BlackElo "2562"]
[WhiteTeam "MDV"]
[BlackTeam "QAT"]
[WhiteFideId "16700066"]
[BlackFideId "12100030"]
[EventDate "2010.11.18"]

1. d4 Nf6 2. e3 g6 3. f4 Bg7 4. Bd3 d6 5. Nf3 O-O 6. O-O c5 7. c3 Nc6 8. Bb5 Qb6
9. Ba4 Bf5 10. Qe2 Rac8 11. Nbd2 d5 12. Kh1 c4 13. Ne1 Qa6 14. Bd1 b5 15. Bc2 b4
16. e4 dxe4 17. Bxe4 Nxe4 18. Nxe4 bxc3 19. bxc3 Nxd4 20. cxd4 Bxd4 21. Nc2 Bxa1
22. Nxa1 Qe6 23. Re1 Rfd8 24. Nc2 Qxe4 25. Qxe4 Bxe4 26. Rxe4 Rd1+ 27. Re1 Rxe1+
28. Nxe1 Rd8 29. Ba3 a5 30. Kg1 Rd2 31. Bxe7 c3 32. Ba3 c2 33. Kf1 Rd1 34. Ke2
c1=Q 35. Bxc1 Rxc1 36. a3 Rc3 37. Kd2 Rxa3 38. h3 Rb3 39. Kc2 a4 40. Nd3 Rb8 41.
Nc1 a3 42. g3 f5 43. g4 fxg4 44. hxg4 h5 45. gxh5 gxh5 0-1

[Event "16th Asian Games Team Men"]
[Site "Guangzhou CHN"]
[Date "2010.11.18"]
[Round "1"]
[White "Al-Sayed, Mohammed"]
[Black "Ahmed, Fuad"]
[Result "1-0"]
[WhiteTitle "GM"]
[WhiteElo "2502"]
[BlackElo "1830"]
[WhiteTeam "QAT"]
[BlackTeam "MDV"]
[WhiteFideId "12100196"]
[BlackFideId "16700023"]
[EventDate "2010.11.18"]

1. d4 d5 2. c4 c6 3. Nc3 Nf6 4. e3 Bf5 5. cxd5 Nxd5 6. Qb3 Nb6 7. Qd1 Nd5 8. Qb3
Nb6 9. e4 Bc8 10. Nf3 e6 11. Be2 Be7 12. O-O O-O 13. Be3 N8d7 14. Rfd1 Nf6 15.
a4 Nbd7 16. a5 Re8 17. h3 Bf8 18. Qc2 Bb4 19. a6 bxa6 20. Na2 a5 21. Nxb4 axb4
22. Qxc6 Rb8 23. Rxa7 b3 24. Nd2 Qb6 25. Qxb6 Rxb6 26. Rc1 Rb7 27. Ra5 Nf8 28.
f3 Bd7 29. Rc3 Reb8 30. Ra3 1-0

[Event "16th Asian Games Team Men"]
[Site "Guangzhou CHN"]
[Date "2010.11.18"]
[Round "1"]
[White "Ahmed, Ashraf"]
[Black "Nezad, Husein Aziz"]
[Result "0-1"]
[BlackTitle "IM"]
[WhiteElo "1774"]
[BlackElo "2402"]
[WhiteTeam "MDV"]
[BlackTeam "QAT"]
[WhiteFideId "16700031"]
[BlackFideId "12100293"]
[EventDate "2010.11.18"]

1. e4 c6 2. d4 d5 3. exd5 cxd5 4. c4 Nf6 5. Nc3 e6 6. Nf3 Bb4 7. Bd3 dxc4 8.
Bxc4 O-O 9. O-O b6 10. Qd3 Bb7 11. Bg5 Nbd7 12. Rad1 Bxc3 13. bxc3 Qc7 14. Nd2
Rac8 15. Rc1 Ne4 16. Nxe4 Bxe4 17. Qxe4 Qxc4 18. Qg4 Kh8 19. Rc2 Qd3 20. Rfc1
Rc4 21. Rd2 Qg6 22. h3 Rfc8 23. Rdc2 Ne5 24. Qe2 Nd3 25. Rd1 Nb4 26. Rb2 Nd5 27.
Bd2 h6 28. Rc1 Nxc3 29. Bxc3 Rxc3 30. Rxc3 Rxc3 31. Qe5 Rxh3 32. Qb8+ Kh7 33.
Qxa7 Rc3 34. Rxb6 Rc1+ 35. Kh2 Qh5+ 36. Kg3 Qg5+ 37. Kh3 Rh1# 0-1

[Event "16th Asian Games Team Men"]
[Site "Guangzhou CHN"]
[Date "2010.11.18"]
[Round "1"]
[Black "Mohamed Hassan MDV"]
[White "Al-Tamimi, Hamad"]
[Result "1-0"]
[WhiteElo "2236"]
[BlackElo "1780"]
[WhiteTeam "QAT"]
[BlackTeam "MDV"]
[WhiteFideId "12100285"]
[BlackFideId "16700058"]
[EventDate "2010.11.18"]

1. e4 c6 2. d4 d5 3. Nc3 dxe4 4. Nxe4 Bf5 5. Ng3 Bg6 6. h4 Nf6 7. h5 Be4 8. Nxe4
Nxe4 9. c3 e6 10. Bd3 Nf6 11. Qb3 Qb6 12. h6 g6 13. Nf3 Qxb3 14. axb3 Nbd7 15.
b4 Be7 16. Bf4 O-O 17. O-O Rfc8 18. Ne5 Nxe5 19. Bxe5 Ng4 20. Bf4 Bf8 21. b5
Bxh6 22. Bxh6 Nxh6 23. Be4 Nf5 24. bxc6 bxc6 25. Ra6 Ne7 26. Rfa1 Rc7 27. R1a5
Kg7 28. b4 Nd5 29. Rc5 Rac8 30. Bf3 h5 31. Kf1 f6 32. g3 Kf7 33. Bxd5 cxd5 34.
Rxa7 Rxa7 35. Rxc8 e5 36. dxe5 fxe5 37. Rc6 Ra3 38. b5 Rb3 39. b6 g5 40. Rd6 Ke7
41. Rg6 Rxc3 42. b7 Rb3 43. Rg8 1-0

[Event "16th Asian Games Team Men"]
[Site "Guangzhou CHN"]
[Date "2010.11.19"]
[Round "2"]
[White "Gomez, John Paul"]
[Black "Zhou, Jianchao"]
[Result "0-1"]
[WhiteTitle "GM"]
[BlackTitle "GM"]
[WhiteElo "2522"]
[BlackElo "2669"]
[WhiteTeam "PHI"]
[BlackTeam "CHN"]
[WhiteFideId "5201381"]
[BlackFideId "8603537"]
[EventDate "2010.11.18"]

1. e4 c5 2. Nf3 d6 3. d4 cxd4 4. Nxd4 Nf6 5. Nc3 a6 6. Bc4 e6 7. Bb3 Be7 8. O-O
O-O 9. f4 b5 10. e5 dxe5 11. fxe5 Nfd7 12. Nf3 Bb7 13. Qe1 Bxf3 14. Rxf3 Nc6 15.
Bf4 b4 16. Na4 Qa5 17. Re3 Nc5 18. Rh3 Nxa4 19. Qe4 g6 20. Qxc6 Qc5+ 21. Qxc5
Bxc5+ 22. Kf1 Nxb2 23. Rb1 Bd4 24. Rh4 Rfd8 25. Bg5 Bc3 26. Bxd8 Rxd8 27. Re4 a5
28. Re3 a4 29. Rxb2 Rd1+ 30. Ke2 a3 31. Rb1 Rxb1 32. Kd3 h5 33. h3 Rg1 34. Re2
Kg7 35. Kc4 Rf1 36. Kc5 Kf8 37. Kd6 Rd1+ 38. Kc6 Rd4 39. Kc5 Ke7 40. Bc4 g5 41.
Kb5 Rf4 42. Bd3 g4 43. hxg4 Rxg4 44. Be4 Bxe5 45. Bf3 Rg5 46. Kxb4 Bd6+ 47. Kc4
f5 48. Re1 e5 49. Rh1 e4 50. Rxh5 Rg3 51. Bd1 Ke6 52. Rh6+ Ke5 53. Rh2 Rg8 54.
Kc3 Kf4 55. Kd2 Bb4+ 56. c3 Rd8+ 57. Kc2 Bxc3 58. g4 fxg4 59. Rf2+ Kg3 60. Re2
Rd4 61. Re3+ Kf2 62. Rxc3 g3 63. Rc8 g2 64. Rf8+ Ke1 65. Rg8 Rd2+ 0-1